000 00219nam a22000857a 4500
008 170614b xxu||||| |||| 00| 0 eng d
100 _93389
_aWanchoo
245 _aSocial Science for us - X
260 _aNew Delhi
_bG. B. P
_c2009
999 _c6747
_d6747